| 000 | 02490nam0a2200397 4500 | ||
|---|---|---|---|
| 001 | RU\NLR\bibl\950430 | ||
| 005 | 20260405102840.0 | ||
| 010 |
_a5-89289-323-5 _9300 |
||
| 021 |
_aRU _b2006-16409 _9810 |
||
| 035 | _a(nilc)RSL-KNO-002863483 | ||
| 035 | _a(NLR Aleph) 000938536 | ||
| 090 |
_a204972 _c204972 |
||
| 100 | _a20060413d2005 |||y0rusy50 ca | ||
| 101 | 0 | _arus | |
| 102 | _aRU | ||
| 105 | _ay ||||||||| | ||
| 106 | _ar | ||
| 200 | 1 |
_aАнглийский язык для бухгалтерского дела _dEnglish for accounting _eучеб. пособие для вузов _fН. А. Осипова, Л. Д. Овчерук, Д. В. Шалимова _gФедер. агентство по образованию, Кемер. технол. ин-т пищ. пром-сти _zeng |
|
| 210 |
_aКемерово _cКемТИПП _d2005 _eКемерово _gЛаб. множ. техники Кемер. технол. ин-та пищевой пром-сти |
||
| 215 |
_a147,[1] с. _d21 |
||
| 320 | _aБиблиогр.: с. 146 (10 назв.) | ||
| 510 | 1 |
_6z11790 _aEnglish for accounting _zeng |
|
| 606 | 1 |
_aАнглийский язык _xУчебные издания для бухгалтеров _92426714 _3RU\NLR\auth\661444729 |
|
| 610 | 0 | _aФилологические науки. Художественная литература -- Языкознание -- Индоевропейские языки -- Германские языки -- Западногерманские языки -- Английский язык -- Преподавание и методика изучения языка -- Учебники и учебные пособия общего характера -- Учебные пособия для высшей школы -- Учебные пособия для неязыковых учебных заведений | |
| 686 |
_aШ143.21-923.2 _2rubbk |
||
| 686 | _aШ143.21-93рус329.3 | ||
| 700 | 1 |
_4070 _8rus _7ca _aОсипова _bН. А. _cфилолог _gНина Алексеевна _3RU\NLR\auth\7738549 _921533 |
|
| 701 | 1 |
_aОвчерук _bЛ. Д. _gЛидия Дмитриевна _4070 |
|
| 701 | 1 |
_aШалимова _bД. В. _gДина Викторовна _4070 |
|
| 790 | 1 |
_4070 _8rus _7ba _aOsipova _bN. A. _cфилолог _gNina Alekseevna _3RU\NLR\auth\7738551 _921535 |
|
| 801 | 0 |
_aRU _bРКП _c20060413 _grcr |
|
| 801 | 1 |
_aRU _bРГБ _c20060413 |
|
| 801 | 2 |
_aRU _bNLR _c20060517 _grcr |
|
| 942 | _cBOOK | ||
| 980 | _aNB | ||